Dark voices : W. E. B. Du Bois and American thought, 1888-1903

Αποθηκεύτηκε σε:
Λεπτομέρειες βιβλιογραφικής εγγραφής
Κύριος συγγραφέας: Zamir, Shamoon
Μορφή: Βιβλίο
Γλώσσα:English
Δημοσίευση: Chicago : The University of Chicago Press, c1995
Θέματα:
Ετικέτες: Προσθήκη ετικέτας
Δεν υπάρχουν, Καταχωρήστε ετικέτα πρώτοι!

MARC

LEADER 00000nam a2200000 i 4500
001 1/90392
008 990927s1995 eng d
020 |a 0-226-97853-2 
035 |l 10053085 
040 |a GR-MY-UA  |b gre  |e aacr 
041 0 |a eng 
082 0 |a 305.8960730092 
100 1 |a Zamir, Shamoon. 
245 1 0 |a Dark voices :  |b W. E. B. Du Bois and American thought, 1888-1903 /  |c Shamoon Zamir 
260 |a Chicago :   |b The University of Chicago Press,   |c c1995 
300 |a 294 p. 
504 |a Includes bibliographical references and index 
600 1 0 |a Du Bois W. E. B.  |q (William Edward Burghardt)  |d 1868-1963. 
650 0 0 |a African Americans. 
651 0 |a United States  |x Race relations. 
852 |a INST  |b LESVOS  |e 19990927  |h 305.8960730092 ZAM  |p 005100019405  |q 005100019405  |t BK  |y 0 
901 |a BIBL1-1999-3 
909 |a Λ  |b 066743 
922 |a 1ΕΛΗ  |b 199907  |c ΚΠΣ/ΤΚ  |d ΠΑΠΑΣΩΤΗΡΙΟΥ 
950 |a 103-1998-07-27 
970 |a ΤΖΑΦΕΡΗ  |b ΕΥΑΓΓΕΛΙΑ  |z 1999/09/28